A visszacsatolt területekre vonatkozó igazságügyi rendelkezések tárgyában hozott...

Elmentve itt :
Bibliográfiai részletek
Szerző: Pethő Tibor
Dokumentumtípus: Cikk
Megjelent: 1938
Sorozat:Polgári jog : a hazai és külföldi magánjog és hiteljog szemléje 14
Kulcsszavak:Igazságszolgáltatás - magyar - jogi szabályozás
Online Access:http://misc.bibl.u-szeged.hu/6645
LEADER 00691nab a2200169 i 4500
001 misc6645
005 20191106142101.0
008 170607s1938 hu o 0|| hun d
040 |a SZTE Miscellanea Repozitórium  |b hun 
041 |a hun 
100 1 |a Pethő Tibor 
245 1 2 |a A visszacsatolt területekre vonatkozó igazságügyi rendelkezések tárgyában hozott...  |h [elektronikus dokumentum] /  |c  Pethő Tibor 
260 |c 1938 
300 |a 466-467a 
490 0 |a Polgári jog : a hazai és külföldi magánjog és hiteljog szemléje  |v 14 
695 |a Igazságszolgáltatás - magyar - jogi szabályozás 
856 4 0 |u http://misc.bibl.u-szeged.hu/6645/1/polgari_jog_1938_466-467a.pdf  |z Dokumentum-elérés